[Event "Box Hill op"]
[Site "Box Hill"]
[Date "2001.09.07"]
[Round "1.18"]
[White "Elbrish, Sam"]
[Black "Jukic, Davor"]
[Result "0-1"]
[WhiteElo "1476"]
[BlackElo "1728"]
[PlyCount "50"]
[EventDate "2001.09.??"]
[EventType "swiss"]
[EventRounds "7"]
[EventCountry "AUS"]
[SourceTitle "EXT 2003"]
[Source "ChessBase"]
[SourceDate "2002.11.25"]
[SourceVersion "1"]
[SourceVersionDate "2002.11.25"]
[SourceQuality "1"]

1. e4 d5 2. exd5 Qxd5 3. Nc3 Qa5 4. g3 Nf6 5. Bg2 c6 6. Nf3 Bg4 7. 0-0 Qh5 8. Re1 Nbd7 9. Ne4 0-0-0 10. d4 Nxe4 11. Rxe4 e5 12. c4 f5 13. Re3 e4 14. Qa4 exf3 15. Qxa7 fxg2 16. Rb3 Nc5 17. Bf4 Nxb3 18. Qb8+ Kd7 19. Qxb7+ Ke8 20. Qxc6+ Kf7 21. axb3 Bf3 22. d5 Qg6 23. Qb7+ Be7 24. Re1 Rhe8 25. Re6 Qxe6 0-1

[Event "Box Hill CC-ch"]
[Site "Box Hill"]
[Date "2000.06.30"]
[Round "9.25"]
[White "Jukic, Davor"]
[Black "Mihalopoulos, Tony"]
[Result "1-0"]
[WhiteElo "1439"]
[BlackElo "1146"]
[PlyCount "57"]
[EventDate "2000.??.??"]
[EventType "swiss"]
[EventRounds "9"]
[EventCountry "AUS"]
[SourceTitle "EXT 2003"]
[Source "ChessBase"]
[SourceDate "2002.11.25"]
[SourceVersion "1"]
[SourceVersionDate "2002.11.25"]
[SourceQuality "1"]

1. e4 e5 2. Nf3 d6 3. Bc4 f5 4. d3 f4 5. Nxe5 dxe5 6. Qh5+ Kd7 7. Qxe5 Qe7 8. Qd5+ Ke8 9. Bxf4 c6 10. Qh5+ Kd8 11. Bxg8 g6 12. Qa5+ b6 13. Qd2 Bg7 14. Bb3 Bxb2 15. c3 Qf8 16. Be5 Bxa1 17. 0-0 Nd7 18. Bxh8 Qxh8 19. d4 Qf8 20. Qc2 Ba6 21. Re1 Kc7 22. Nd2 Bxc3 23. Qxc3 Re8 24. e5 Kb7 25. Nc4 Bxc4 26. Bxc4 Qf4 27. Be2 Nxe5 28. dxe5 Qxe5 29. Ba6+ 1-0